| 000 | 00333nam a2200121Ia 4500 | ||
|---|---|---|---|
| 008 | 210430s9999 xx 000 0 und d | ||
| 082 | _a543.086 B8631 I | ||
| 100 | _aMichael E.Brown | ||
| 245 |
_aIntroduction to Thermal Analysis _cMichael E.Brown |
||
| 260 |
_aLondon _bChapman and Hall _c1988 |
||
| 300 | _a211p | ||
| 942 |
_cBK _2ddc |
||
| 999 |
_c562716 _d562716 |
||